| 000 | 00403nam a2200145 a 4500 | ||
|---|---|---|---|
| 001 | 1460 | ||
| 003 | CDMR | ||
| 005 | 20130116135211.0 | ||
| 008 | 130130s1973||||||||||||||||||||||||||||d | ||
| 040 |
_aCDMR _bcat _cCDMR |
||
| 100 | 1 |
_aRaffols Cabrisses, José María _91110 |
|
| 245 | 1 | 0 |
_aHistoria de la prensa en Villanueva y Geltrú... _cJosé María Rafols Cabrisses |
| 260 |
_aBarcelona _c1973 |
||
| 942 | _cTSN | ||
| 999 |
_c1460 _d1460 |
||